000 00792nam a2200181Ia 4500
008 151202s9999||||xx |||||||||||||| ||und||
082 _bPNVM-1626
100 _aराजवाडे वि. का.
245 _aमराठ्यांच्या इतिहासाची साधने 1750 ते 1761 खंड 1 ला.
260 _bGOVT. OF BOMBAY.
260 _c0
300 _a0
600 _aराजवाडे वि. का.
630 _aमराठ्यांच्या इतिहासाची साधने 1750 ते 1761 खंड 1 ला.
700 _aराजवाडे वि. का.
730 _aमराठ्यांच्या इतिहासाची साधने 1750 ते 1761 खंड 1 ला.
942 _cBOOK
999 _c1267624
_d1267621